[Event "Ruzomberok Montana op"]
[Site "Ruzomberok"]
[Date "2017.05.31"]
[Round "4"]
[White "Kluka, Vojtech"]
[Black "Pavlova, Ruzanna"]
[Result "1/2-1/2"]
[WhiteElo "1589"]
[BlackElo "1868"]
[PlyCount "178"]
[EventDate "2017.05.28"]
[EventType "swiss"]
[EventRounds "9"]
[EventCountry "SVK"]
[SourceTitle "EXT 2018"]
[Source "ChessBase"]
[SourceDate "2017.10.13"]
[SourceVersion "1"]
[SourceVersionDate "2017.10.13"]
[SourceQuality "1"]

1. e4 b6 2. d4 Bb7 3. Nc3 Nf6 4. Bd3 e6 5. Nf3 c5 6. Be3 c4 7. Bxc4 Nxe4 8. Nxe4 Bxe4 9. 0-0 Bd6 10. Nd2 Bb7 11. Qg4 0-0 12. Bg5 f5 13. Qh4 Qe8 14. Bf4 Qg6 15. g3 Bxf4 16. Qxf4 Qh5 17. Rfe1 Bc6 18. Be2 Qh6 19. Qxh6 gxh6 20. Nc4 Be4 21. c3 f4 22. f3 Bd5 23. g4 h5 24. h3 b5 25. Ne5 d6 26. Nd3 Nd7 27. Kf2 h4 28. Nb4 Nf6 29. Bxb5 Kf7 30. Nxd5 Nxd5 31. Bc4 Ne3 32. Bb3 d5 33. Rac1 Rfc8 34. Re2 a5 35. Ba4 Rab8 36. Ke1 Rc7 37. Bb3 Rcb7 38. Rb1 Kf6 39. Rd2 h5 40. Ke2 hxg4 41. fxg4 Kg5 42. Kd3 Ra7 43. Ba4 Nc4 44. Rf2 Nd6 45. b3 Ne4 46. Rf3 Rc7 47. Rc1 Rbc8 48. c4 Ng3 49. c5 e5 50. dxe5 Rxc5 51. Rxc5 Rxc5 52. Kd4 Rc2 53. Kxd5 Rxa2 54. e6 Rd2+ 55. Ke5 Re2+ 56. Kd6 Ne4+ 57. Ke7 Nd2 58. Bb5 Re5 59. Rd3 Ne4 60. Bc4 Nf2 61. Rd5 Rxd5 62. Bxd5 Nd3 63. Kf8 Ne5 64. Be4 Kf6 65. e7 Nd7+ 66. Ke8 Ne5 67. Kd8 Nf7+ 68. Kd7 Ne5+ 69. Kd6 Nf7+ 70. Kc5 Kxe7 71. Kb6 Ng5 72. Bg2 f3 73. Bf1 Ne4 74. Kxa5 Nd2 75. Bd3 Nxb3+ 76. Kb4 Nd2 77. Kc5 f2 78. Kd4 f1Q 79. Bxf1 Nxf1 80. Ke5 Ne3 81. Kf4 Ng2+ 82. Kf5 Kf7 83. g5 Kg7 84. g6 Kg8 85. Kf6 Kf8 86. g7+ Kg8 87. Kg6 Nf4+ 88. Kg5 Nxh3+ 89. Kxh4 Kxg7 1/2-1/2

[Event "Ruzomberok Montana op"]
[Site "Ruzomberok"]
[Date "2017.05.29"]
[Round "2"]
[White "Ambrozi, Peter"]
[Black "Pavlova, Ruzanna"]
[Result "1-0"]
[WhiteElo "1988"]
[BlackElo "1868"]
[PlyCount "67"]
[EventDate "2017.05.28"]
[EventType "swiss"]
[EventRounds "9"]
[EventCountry "SVK"]
[SourceTitle "EXT 2018"]
[Source "ChessBase"]
[SourceDate "2017.10.13"]
[SourceVersion "1"]
[SourceVersionDate "2017.10.13"]
[SourceQuality "1"]

1. Nf3 b6 2. d4 Bb7 3. c4 e6 4. Nc3 Nf6 5. a3 Be7 6. Qc2 0-0 7. e4 h6 8. Bd3 Nh7 9. Be3 c5 10. e5 f5 11. d5 Bg5 12. Nxg5 Nxg5 13. f4 Nf7 14. 0-0-0 Qe8 15. h3 h5 16. g4 Nh6 17. Nb5 Nf7 18. gxf5 exd5 19. cxd5 Na6 20. Qg2 Nxe5 21. fxe5 Qxe5 22. Be4 Rae8 23. Rhg1 Re7 24. Nc3 b5 25. Bg5 Ree8 26. Nxb5 Qxe4 27. Qxe4 Rxe4 28. Nd6 Bxd5 29. Rxd5 Re2 30. f6 Nc7 31. Rxc5 Ne6 32. Rc2 Re5 33. f7+ Kh7 34. Be7 1-0

[Event "Khanty-Mansiysk Governor Cup 7th"]
[Site "Khanty-Mansiysk"]
[Date "2011.09.08"]
[Round "9"]
[White "Pavlova, Ruzanna"]
[Black "Skurikhin, Alexander"]
[Result "1-0"]
[WhiteElo "1944"]
[BlackElo "1734"]
[PlyCount "69"]
[EventDate "2011.08.31"]
[EventType "swiss"]
[EventRounds "9"]
[EventCountry "RUS"]
[SourceTitle "CBM 144 Extra"]
[Source "ChessBase"]
[SourceDate "2011.10.28"]
[SourceVersion "1"]
[SourceVersionDate "2011.10.28"]
[SourceQuality "1"]

1. b3 e5 2. Bb2 Nc6 3. g3 Bc5 4. Bg2 d6 5. e3 Nf6 6. Ne2 Bf5 7. 0-0 0-0 8. Nbc3 a6 9. a3 a5 10. d4 exd4 11. Nxd4 Bxd4 12. exd4 Re8 13. Qd2 Ne4 14. Nxe4 Bxe4 15. f3 Bg6 16. c4 Qd7 17. Rae1 Qf5 18. Re4 h6 19. Rfe1 Rxe4 20. Rxe4 d5 21. Re1 Kf8 22. f4 dxc4 23. bxc4 Qd7 24. Qc3 f6 25. d5 Ne7 26. Qb3 c6 27. a4 cxd5 28. cxd5 Bf7 29. Ba3 Re8 30. Qe3 h5 31. Qc5 b6 32. Qxb6 Qxa4 33. Qd6 Qd4+ 34. Kh1 Qd2 35. Rxe7 1-0

[Event "Khanty-Mansiysk Governor Cup 7th"]
[Site "Khanty-Mansiysk"]
[Date "2011.09.02"]
[Round "3"]
[White "Pavlova, Ruzanna"]
[Black "Tsydypov, Zhamsaran"]
[Result "0-1"]
[WhiteElo "1944"]
[BlackElo "2247"]
[PlyCount "60"]
[EventDate "2011.08.31"]
[EventType "swiss"]
[EventRounds "9"]
[EventCountry "RUS"]
[SourceTitle "CBM 144 Extra"]
[Source "ChessBase"]
[SourceDate "2011.10.28"]
[SourceVersion "1"]
[SourceVersionDate "2011.10.28"]
[SourceQuality "1"]

1. g3 c5 2. Bg2 Nc6 3. b3 e5 4. Bb2 d5 5. d3 f5 6. e3 Nf6 7. Ne2 Be6 8. Nd2 Qd7 9. 0-0 0-0-0 10. d4 cxd4 11. exd4 e4 12. Nf4 Bf7 13. Rc1 g5 14. Ne2 f4 15. gxf4 gxf4 16. Nxf4 Rg8 17. Kh1 Rxg2 18. Nxg2 Bh5 19. Qe1 Bf3 20. Nxf3 exf3 21. Nf4 Re8 22. Qxe8+ Qxe8 23. c4 Bh6 24. Rce1 Ne4 25. Nd3 Qh5 26. cxd5 Nb4 27. Rxe4 Nxd3 28. Ba3 Qh3 29. Re8+ Kd7 30. Re7+ Kd8 0-1

[Event "RUS-chT (Women)"]
[Site "Dagomys"]
[Date "2008.04.10"]
[Round "8"]
[White "Dushenok, Anna"]
[Black "Pavlova, Ruzanna"]
[Result "1-0"]
[WhiteElo "2191"]
[BlackElo "1985"]
[PlyCount "87"]
[EventDate "2008.04.02"]
[EventType "team"]
[EventRounds "9"]
[EventCountry "RUS"]
[SourceTitle "CBM 123 Extra"]
[Source "ChessBase"]
[SourceDate "2008.05.06"]
[SourceVersion "1"]
[SourceVersionDate "2008.05.06"]
[SourceQuality "1"]

1. g3 e6 2. Bg2 d5 3. d4 b6 4. c4 Bb7 5. Nc3 Bb4 6. Qa4+ Nc6 7. cxd5 exd5 8. Nf3 Nge7 9. 0-0 0-0 10. a3 Bd6 11. b4 a6 12. e3 Nf5 13. Nxd5 Na7 14. Nc3 Qf6 15. Qc2 Bxf3 16. Bxf3 Nxd4 17. exd4 Qxf3 18. Bb2 h5 19. Ne4 h4 20. Ng5 Qh5 21. f4 h3 22. Qf5 Rae8 23. Rae1 f6 24. Rxe8 fxg5 25. Rxf8+ Bxf8 26. fxg5 Bd6 27. d5 Qe8 28. Qe6+ Qxe6 29. dxe6 Nc6 30. Rf7 g6 31. Rg7+ Kf8 32. Rxg6 Ke7 33. Rh6 Be5 34. Bxe5 Nxe5 35. Rxh3 Nf3+ 36. Kf2 Nxg5 37. Rh8 Kxe6 38. Ra8 Kd5 39. Ke3 c5 40. bxc5 bxc5 41. Rxa6 Kc4 42. Rb6 Kc3 43. a4 c4 44. a5 1-0

[Event "RUS-chT (Women)"]
[Site "Dagomys"]
[Date "2008.04.05"]
[Round "4"]
[White "Pavlova, Ruzanna"]
[Black "Burtasova, Anna"]
[Result "0-1"]
[WhiteElo "1985"]
[BlackElo "2319"]
[PlyCount "66"]
[EventDate "2008.04.02"]
[EventType "team"]
[EventRounds "9"]
[EventCountry "RUS"]
[SourceTitle "CBM 123 Extra"]
[Source "ChessBase"]
[SourceDate "2008.05.06"]
[SourceVersion "1"]
[SourceVersionDate "2008.05.06"]
[SourceQuality "1"]

1. e4 e5 2. Nf3 Nc6 3. Bc4 Nf6 4. d3 Be7 5. c3 0-0 6. 0-0 d6 7. Be3 Bg4 8. Nbd2 d5 9. exd5 Nxd5 10. h3 Bh5 11. Qc2 Bg6 12. Rad1 a6 13. a4 Kh8 14. b4 f6 15. Nh4 Bh5 16. g4 Bf7 17. Nf5 Be6 18. Ne4 Bxf5 19. gxf5 Qd7 20. Bc5 Nf4 21. Ng3 Bxc5 22. bxc5 Nxh3+ 23. Kh2 Ng5 24. Rh1 Ne7 25. d4 e4 26. Kg2 Nxf5 27. Nxe4 Rae8 28. Nxg5 fxg5 29. Rh3 Nh4+ 30. Kh2 Qg4 31. Rg1 Nf3+ 32. Rxf3 Qxf3 33. Rg2 Re1 0-1

[Event "Noyabrsk YANAO-ch (Women)"]
[Site "Noyabrsk"]
[Date "2008.01.19"]
[Round "8"]
[White "Mustafina, Dinara"]
[Black "Pavlova, Ruzanna"]
[Result "0-1"]
[WhiteElo "1834"]
[BlackElo "1985"]
[PlyCount "56"]
[EventDate "2008.01.16"]
[EventType "tourn"]
[EventRounds "9"]
[EventCountry "RUS"]
[SourceTitle "EXT 2010"]
[Source "ChessBase"]
[SourceDate "2010.11.25"]
[SourceVersion "1"]
[SourceVersionDate "2010.11.25"]
[SourceQuality "1"]

1. e4 e6 2. d4 d5 3. Nd2 c5 4. exd5 Qxd5 5. Ngf3 Nc6 6. Bc4 Qd8 7. Nb3 cxd4 8. Nfxd4 Bd7 9. 0-0 Ne5 10. Be2 a6 11. Bf4 Bd6 12. Nf5 exf5 13. Qxd6 Ng6 14. Be3 Nf6 15. Bf3 Ne4 16. Bxe4 fxe4 17. Qd4 0-0 18. Qxe4 Bc6 19. Qg4 f5 20. Qd4 f4 21. Qxd8 Raxd8 22. Bc5 Rf5 23. Bb6 Rg5 24. Na5 Bf3 25. h4 Rxg2+ 26. Kh1 Rg4+ 27. Kh2 Rxh4+ 28. Kg1 Rh1# 0-1

[Event "Noyabrsk YANAO-ch (Women)"]
[Site "Noyabrsk"]
[Date "2008.01.18"]
[Round "6"]
[White "Kalashnikova, Ekaterina"]
[Black "Pavlova, Ruzanna"]
[Result "0-1"]
[WhiteElo "1725"]
[BlackElo "1985"]
[PlyCount "56"]
[EventDate "2008.01.16"]
[EventType "tourn"]
[EventRounds "9"]
[EventCountry "RUS"]
[SourceTitle "EXT 2010"]
[Source "ChessBase"]
[SourceDate "2010.11.25"]
[SourceVersion "1"]
[SourceVersionDate "2010.11.25"]
[SourceQuality "1"]

1. e4 e6 2. d4 d5 3. Nd2 dxe4 4. Nxe4 Nf6 5. Bd3 Nc6 6. c3 Nd5 7. Nf3 Be7 8. 0-0 0-0 9. Re1 h6 10. Ne5 Bd7 11. Qh5 Nxe5 12. dxe5 f5 13. Ng3 Be8 14. Qf3 Bc6 15. Qe2 Bg5 16. Bxg5 Qxg5 17. Rad1 Nf4 18. Qe3 Nxg2 19. Qxg5 hxg5 20. Re2 Nh4 21. h3 Nf3+ 22. Kf1 Kf7 23. Bc4 Rad8 24. Rd3 Rxd3 25. Bxd3 Rd8 26. Bc2 Bb5 27. Kg2 Bxe2 28. Nxe2 Ne1+ 0-1

[Event "Noyabrsk YANAO-ch (Women)"]
[Site "Noyabrsk"]
[Date "2008.01.17"]
[Round "4"]
[White "Chigaeva, Anastasia"]
[Black "Pavlova, Ruzanna"]
[Result "0-1"]
[WhiteElo "1766"]
[BlackElo "1985"]
[PlyCount "80"]
[EventDate "2008.01.16"]
[EventType "tourn"]
[EventRounds "9"]
[EventCountry "RUS"]
[SourceTitle "EXT 2010"]
[Source "ChessBase"]
[SourceDate "2010.11.25"]
[SourceVersion "1"]
[SourceVersionDate "2010.11.25"]
[SourceQuality "1"]

1. e4 e6 2. d4 d5 3. Nd2 c5 4. exd5 Qxd5 5. Ngf3 cxd4 6. Bc4 Qc5 7. 0-0 Nf6 8. Qe2 Nc6 9. Nb3 Qb6 10. Bb5 Bc5 11. Bg5 Bd7 12. Rad1 0-0-0 13. Bxc6 Bxc6 14. Ne5 h6 15. Bc1 Rhf8 16. Nxc6 Qxc6 17. Rd3 Rfe8 18. Rfd1 e5 19. Kh1 e4 20. R3d2 d3 21. cxd3 exd3 22. Qf1 Ne4 23. Nxc5 Qxc5 24. Kg1 Nxd2 25. Bxd2 Kb8 26. Bc3 Qg5 27. Rxd3 Rxd3 28. Qxd3 Qc1+ 29. Qf1 Qxf1+ 30. Kxf1 g6 31. f3 Kc7 32. Kf2 Kc6 33. Bd4 a5 34. Be3 Kd5 35. Bxh6 Kc4 36. Bd2 a4 37. a3 Kb3 38. Bc3 Rc8 39. g4 Rxc3 40. bxc3 Kxa3 0-1